[Event "Bundesliga 0304"]
[Site "Germany"]
[Date "2004.02.13"]
[Round "7.1"]
[White "Anand, Viswanathan"]
[Black "Schmittdiel, Eckhard"]
[Result "1-0"]
[WhiteElo "2766"]
[BlackElo "2483"]
[Annotator "Roiz,M"]
[PlyCount "75"]
[EventDate "2003.11.01"]
[EventType "team-tourn"]
[EventRounds "15"]
[EventCountry "GER"]
[SourceTitle "CBM 100"]
[Source "ChessBase"]
[SourceDate "2004.06.01"]
[SourceVersion "1"]
[SourceVersionDate "2004.06.01"]
[SourceQuality "1"]
[WhiteTeam "Baden Oos"]
[BlackTeam "Stuttgart"]
[WhiteTeamCountry "GER"]
[BlackTeamCountry "GER"]

1. d4 f5 2. g3 Nf6 3. Bg2 e6 4. c4 d5 ({black can also start with} 4... c6 {
in order to meet} 5. Nh3 {with} d6 {[%cal Ge6e5]}) 5. Nh3 {A modern approach
to playing a Stone-Wall system with white pieces.White is trying to occupy an
important square e5 with both of knights.Nh3 is going to d3 via f4.} c6 6. O-O
Bd6 7. Qc2 ({another common line is:} 7. Nd2 O-O 8. Nf3 {[%cal Gc1f4]}) 7...
O-O 8. Bf4 Be7 ({Black can also accept the exchange with a slighty worse,but
quite solid position:} 8... b6 9. Nd2 Bb7 (9... Ba6 10. cxd5 cxd5 11. Nf3 Ne4
12. Rfc1 Re8 13. Bxd6 Nxd6 14. Nf4 Nf7 15. Qa4 Qd7 16. Qxd7 Nxd7 17. Rc7 $36 {
1/2-1/2 Yrjola,J-Agdestein,S/Gausdal 1987/CBM 04 (37)}) 10. Rac1 Nh5 (10... Na6
11. cxd5 cxd5 12. Qa4 Nh5 13. Bxd6 Qxd6 14. Nc4 Qe7 15. Ne5 Rfc8 16. e3 Rc7 17.
Bf3 Nf6 18. Be2 $14 {1-0 Yrjola,J-Petrienko,V/Voronez 1987/EXT 97 (69)}) 11.
Bxd6 Qxd6 12. Rfd1 Nd7 13. Bf3 Nhf6 14. cxd5 cxd5 15. Qc7 $14 {1/2-1/2 Shipov,
S-Glek,I/Groningen 1992/EXT 97 (52)}) 9. Nc3 {Quite a rarely continuation,
which was tried only several times by Peter Lukacs.White is intending to prove,
that black has lost some time(Bf8-d6-s7)and exploit some development advantage
by energetic play,which probably connected with e2-e4.} ({deserves attention
also} 9. a3 $5 Nh5 10. Bd2 Nd7 (10... a5 $5) 11. Bb4 g5 12. f3 f4 13. g4 Ng7
14. Bxe7 Qxe7 15. e3 e5 16. cxd5 cxd5 17. Nc3 Nb6 18. Rfe1 $36 {1-0 Volkov,
S-Ulibin,M/Dubai 2003/CBM 93 ext (37)}) ({The main here is} 9. Nd2) 9... Bd7 {
There are also 2 ways of development in this system:1)b7-b6 and Bc8-b7 or
Bc8-a6 and) Bc8-d7-e8.Black is going for the second option,which has a clear
drawback:now black has always to worry about the possible exchange on d5,since
he couldn't take with ''e'' pawn.} (9... h6 10. Rad1 g5 11. Bc1 Bd7 12. f3 dxc4
13. e4 Na6 14. a3 b5 15. Nf2 Nc7 16. f4 g4 17. b3 $44 {1-0 Gulko,B-Short,N/
Reykjavik 1990/CBM 18 (34)}) (9... Ne4 10. Nxe4 fxe4 11. f3 exf3 12. exf3 Nd7
13. Rad1 dxc4 14. Qxc4 Nb6 15. Qe2 Bf6 16. Be5 Nd5 17. f4 $14 {1-0 Lukacs,
P-Moskalenko,V/Budapest 1990/CBM 20 ext (61)}) ({interesting is:} 9... Nh5 $5
10. Rad1 Nxf4 11. Nxf4 Bd6 12. e3 (12. c5 $5 Bc7 13. Nd3 Nd7 14. f4 Nf6 15. b4
$14) 12... g5 13. Nfe2 Nd7 14. f3 dxc4 15. e4 fxe4 16. Nxe4 Nb6 $13 {1/2-1/2
Lukacs,P-Totsky,L/Budapest 1996/CBM 53 (16)}) ({I could also recommend:} 9...
b6 $5 10. cxd5 (10. Bxb8 Rxb8 11. Nf4 Bd6 12. e3 Qe7 $11) (10. Rfd1 Ba6 11. Ng5
Qd7 12. cxd5 (12. Nf3 Qe8) 12... cxd5 $11 {[%cal Gb8c6]}) 10... exd5 11. Bxb8
Rxb8 12. Nf4 Bd6 {with a good chanses of equality.}) 10. Rfd1 $146 (10. Rad1
Be8 11. f3 Bh5 $6 12. Bc1 Qd7 13. Nf4 Na6 14. a3 Nc7 15. Kh1 dxc4 16. e4 $36 {
1-0 Tsadzikidze,N-Gavasheli,A/Tbilisi 2000/EXT 2004 (41)}) 10... Be8 11. a3 {
That is also a useful move(white's main idea is advancing qside pawns).White
is waiting for Nbd7 to take on d5.} h6 $5 {That move is connected with an idea
of g7-g5,cutting white's knight on h3.} ({An alternative was} 11... Ne4 12.
Nxe4 fxe4 13. f3 exf3 14. exf3 Nd7 $14 {with a slighty worse position.}) 12.
Rac1 ({nothing promises} 12. Bxb8 Rxb8 13. Nf4 Qd6 $11 {as black's bishop is
already on e8.}) 12... g5 {That is practically forced-otherwise black's
previous move will be a loss of time.} 13. Bd2 f4 $6 {Black is not developed
enough for a such a drastic moves.His king is going to be weak now.} ({after} 
13... dxc4 $6 {white could gain a dangerous initiative by} 14. e4 $1 Bh5 (14...
Bg6 15. d5 cxd5 16. exd5 exd5 17. Be3 $36) 15. exf5 Bxd1 16. Rxd1 exf5 17. Qxf5
Qe8 18. Re1 $36) (13... Bg6 $142 $1 14. f4 g4 15. Nf2 dxc4 (15... Nbd7 16. cxd5
exd5 17. Nd3 $14 {[%cal Gd3e5]}) 16. e4 fxe4 17. Ncxe4 b5 18. Bc3 $44) 14. Kh1
$6 {Freeing a spot for Nh3.} ({Much stronger was:} 14. f3 fxg3 15. hxg3 dxc4
16. Nf2 $16 {with a great advantage.}) 14... Nh5 {Black is trying to keep a
close type of position as long as it possible.} (14... fxg3 15. fxg3 Nbd7 16.
e4 dxc4 17. Bxg5 $1 hxg5 18. Nxg5 $16) 15. gxf4 g4 16. Ng1 Nxf4 17. Bxf4 Rxf4
18. e3 Rf8 {Now white must play very actively-otherwise black may consolidate
his position by Nb8-d7-f6.} (18... Rf6 19. Qe2 h5 20. f3 $16) 19. Qe2 h5 ({
after} 19... Bh5 $2 {strongly is:} 20. Bh3 $1 $16 {[%csl Rg4,Rg8]} ({not} 20.
h3 $2 Bd6 $1 $132 {[%cal Gd8h4]})) 20. f3 $1 {Freeing the way to black's
monarch.Now black's few moves are forced.} ({Inaccurate was} 20. e4 $2 Bg5 21.
Rc2 Bf4 {[%cal Gd8h4]}) 20... Bd6 $1 ({white's attack seems to be decisive
after} 20... gxf3 21. Nxf3 (21. Bxf3 $16) 21... Nd7 22. Rg1 Kh8 23. e4 $40) 21.
fxg4 Qh4 22. Nf3 Qxg4 23. Rg1 Kh8 $8 (23... Bg6 24. cxd5 exd5 (24... cxd5 25.
Nb5 $18) 25. Bf1 Qxf3+ 26. Qxf3 Rxf3 27. Rxg6+ $18) 24. e4 ({nothing promised} 
24. c5 Bc7 25. e4 Nd7 {[%cal Ge8g6]}) 24... dxc4 $1 {A brave,and quite the
best decison! Black's position looks very dangerously,but there is no strong
continuations for white!} (24... Nd7 $143 25. cxd5 exd5 26. exd5 Nf6 $16 {
and black has completed development in cost of a pawn.}) 25. h3 {It's
important to avoid a pin of Nf3.} ({after} 25. e5 Be7 26. Ne4 Nd7 {black is O.K
}) {Black's defence is just excellent!} 25... Qg6 $1 (25... Qg3 26. e5 Be7 27.
Ne4 Qg6 28. Nfd2 $1 $16 {[%cal Gg2f3,Gd2c4]}) 26. e5 $2 {Seizing a space and
reaching an important square on e4.But black is controlling all the squares
around his king!} ({White should take the pawn:} 26. Qxc4 Nd7 27. Rcf1 Nb6 28.
Qe2 $14 {with a solid advantage due to weakness of Kh8 and passivity of Be8.})
26... Be7 27. Qe3 ({black can defend successfully after:} 27. Qxc4 Nd7 28. Rcf1
Nb6 29. Qe2 Nd5 {For instant,} 30. Nxd5 cxd5 31. Nh4 Qh6 32. Rxf8+ Bxf8 $11)
27... Nd7 $1 (27... b5 28. Rcf1 Nd7 29. Nh4 (29. h4 $5 $36 {[%cal Gg2h3]})
29... Qg5 30. Qxg5 Bxg5 31. Bxc6 Rxf1 32. Rxf1 Rc8 33. Nf3 Rxc6 34. Nxg5 $16)
28. Bf1 Qf5 $1 {That is the best spot for black's queen.} 29. Ng5 ({white is
clearly worse in the endgame after} 29. Nd2 Qf4 $1 30. Nxc4 Qxe3 31. Nxe3 c5 $1
$15 {and black's bishop will get activity soon.}) 29... c5 {Black is already
not satisfied with an equality!} ({There was a forced line:} 29... Rg8 30. Nce4
(30. h4 c5 $1 31. Bh3 cxd4 32. Bxf5 (32. Qxd4 Qxe5 33. Qxc4 Nb6 34. Qxe6 Bc6+
$1 35. Qxc6 Bxg5 36. Rxg5 Qxg5 37. hxg5 bxc6 $17) 32... dxe3 33. Bxe6 Rg6 34.
Bf5 Rg7 $17) 30... c5 31. Nd6 $1 {The only move!} Bxd6 32. exd6 cxd4 33. Qxe6 (
33. Qxd4+ Nf6 $17 {[%cal Ge8c6]}) 33... Qxe6 34. Nxe6 d3 35. Rxg8+ Kxg8 36. Nc7
Rd8 37. Rxc4 Ne5 38. Rd4 $11) 30. d5 Nxe5 $2 {Only now black misses an
excellent opportunity of getting advantage!} (30... Qxe5 $142 $1 31. Qd2 $1 (
31. Qxe5+ Nxe5 32. Nxe6 Rf2 33. Be2 Bg6 $17) 31... exd5 $1 32. Re1 (32. Nge4
Nf6 33. Nxf6 Qxf6 34. Nxd5 Bc6 $17) 32... Qd4 $1 33. Qxd4+ cxd4 34. Rxe7 (34.
Nxd5 $2 Bxg5 35. Rxg5 d3 $19) 34... dxc3 35. bxc3 Nf6 36. Rxb7 Bg6 $15) 31.
Nxe6 $1 {Now black's pieces are not coordinated.More than that,they are very
vulnerable!Now the extra pawn is really not important.} Qf3+ (31... Rf7 32. Ne4
$1 Qf3+ 33. Qxf3 Nxf3 34. Rg6 $16 {with a domination.}) 32. Qxf3 Rxf3 (32...
Nxf3 33. Nxf8 Nxg1 34. Ne6 Nf3 35. Bxc4 $16) 33. Re1 $1 Bf6 (33... Nd3 34. Bxd3
Rxh3+ (34... cxd3 35. Nc7 Rxh3+ 36. Kg2 Rh2+ 37. Kxh2 Bd6+ 38. Kh1 Bxc7 39. Re6
$1 Bf4 40. Rf1 $18) 35. Kg2 Rxd3 36. Nc7 Rd2+ 37. Kf1 (37. Kh1 $4 Bd6 $19)
37... Bh4 {fails to} 38. Rh1 $1 Bxe1 (38... Bg6 39. Rxh4 Rf8+ 40. Kg1 Rff2 41.
Ne6 $18) 39. Kxe1 Rxb2 40. Nxa8 $16 {and white has a great chanses of win.})
34. Bg2 Rf5 $8 35. Re2 ({White had also another strong possibility:} 35. Ne4 $5
{[%cal Ge4d6]} Nd3 (35... Bh4 36. Re2 Nd3 37. N4xc5 $16) 36. Nxf6 Rxf6 (36...
Nxe1 37. Nxe8 Nxg2 38. N8c7 Rg8 39. Rxg2 $18) 37. Nc7 Nxe1 38. Rxe1 Rd8 39.
Nxe8 Rf2 40. Re7 $1 Kg8 41. Nc7 $16 Rxb2 $140 42. Ne6 Rd6 (42... c3 43. Be4)
43. Be4 c3 44. Rg7+ Kh8 45. Rf7 $18) 35... Be7 $2 {That loses immediately.} ({
Black could play more resistantly:} 35... Nd3 36. Nc7 Rd8 37. Nxe8 Be5 38. Rxe5
Rxe5 39. Nc7 $16 {although white's position seems to be close to winning.}) 36.
Rge1 $1 {[%csl Re5,Re7,Re8][%cal Ge1e8] A rare way-now all black's minor
pieces are under the fire!} Bd6 (36... Nd3 37. Nc7 $18 {[%csl Ra8,Re7,Re8]})
37. Ne4 Bb8 38. Ng3 1-0

[Event "FIDE-Wch k.o."]
[Site "Tripoli"]
[Date "2004.06.20"]
[Round "1.2"]
[White "Gurevich, Mikhail"]
[Black "Johansen, Darryl Keith"]
[Result "1-0"]
[WhiteElo "2672"]
[BlackElo "2489"]
[Annotator "Roiz,M"]
[PlyCount "54"]
[EventDate "2004.06.19"]
[EventType "k.o."]
[EventRounds "7"]
[EventCountry "LBY"]
[SourceTitle "CBM 102"]
[Source "ChessBase"]
[SourceDate "2004.09.23"]
[SourceVersion "1"]
[SourceVersionDate "2004.09.23"]
[SourceQuality "1"]

1. d4 e6 2. c4 Bb4+ 3. Nd2 f5 4. g3 Nf6 5. Bg2 O-O 6. Ngf3 a5 {A logical move.
After exchange of black's dark-squared bishop,a7-a5 will be quite useful move
to prevent b2-b4.At the same time,black prepares b7-b6 in order to neutralize
the pressure of Bg2 over the long diagonal. However,white has a different
reasonable ways to fight for the opening advantage.} ({The alternatives are:} 
6... d6 7. O-O Bxd2 8. Bxd2 Qe7 9. c5 $5 $146 {This move doesn't allow black
to lead e6-e5,as it's usual.The correctness of this pawn sacrifice depends of
position which is getting out after 10...cxd4.} (9. Qc2 e5 10. dxe5 dxe5 11. b4
c5 12. bxc5 Nc6 13. Qb2 Ne4 14. Rad1 Nxd2 15. Nxd2 e4 16. Nb3 f4 17. Qc2 f3 18.
exf3 exf3 19. Rfe1 $16 {1-0 Salov,V-Kamsky,G/it 1991 (63)}) (9. Qb3 Kh8 10. Qa3
Ne4 11. Be3 Nd7 12. Nd2 e5 13. Nxe4 fxe4 14. Rad1 exd4 15. Bxd4 c5 16. Be3 Ne5
$132 {1/2-1/2 Manninen,M-Akesson,R/Reykjavik zt 1995 (41)}) 9... dxc5 10. Rc1
Ne4 $6 (10... cxd4 11. Bf4 $1 (11. Nxd4 Rd8 12. Nb3 e5 {[%cal Gc7c6,Yc8e6]})
11... c5 12. e3 $44 dxe3 $140 13. Bd6 $16) 11. dxc5 e5 (11... Nxc5 $2 12. Bg5
$1 Qd6 13. Qxd6 cxd6 14. Be7 $16 {[%csl Rd6,Rf8]}) 12. Qb3+ Kh8 13. Rfd1 Nc6
14. Be1 a6 15. Qe3 $14 {[%cal Yb2b4] 1-0 Adianto,U-Johansen,D/Bali 1999/CBM 71/
[Tyomkin,D] (44) White intends to advance his queenside pawns.}) (6... b6 7.
Ne5 {[%cal Rg2a8]} (7. a3 $5 Bxd2+ 8. Nxd2 Nc6 9. b4 Bb7 10. Bb2 Qe8 11. O-O
$14 {1-0 Chatalbashev,B-Naumkin,I/Lido Estensi 2002/CBM 88 ext (32)}) 7... Ne4
8. O-O Bxd2 9. Bxd2 Bb7 10. Be3 (10. Bc1 Qe7 11. b3 d6 12. Nd3 c5 13. Bb2 cxd4
14. Bxd4 Nd7 15. Bb2 a5 16. Nf4 a4 17. f3 Nef6 18. Ba3 $14 {1-0 Gelfand,
B-Epishin,V/Wijk aan Zee 1992/CBM 28 (38)}) 10... Qe8 11. Qc2 d6 12. Nd3 Nc6 (
12... Nd7 $5) 13. d5 Nd8 14. dxe6 Nxe6 {[%csl Ge4]} 15. Nb4 $1 Qg6 16. Nd5 $14
{[%csl Gd5] 1-0 Cramling,P-Hort,V/London 1996/CBM 55/[Hansen,Cu] (65)}) (6...
d5 {that move leads to the Stone-Wall type of positions,where black prefers to
avoid swapping of the dark-squared bishops} 7. O-O c6 8. Qc2 Ne4 9. Ne5 Nxd2
10. Bxd2 Bxd2 11. Qxd2 Nd7 12. Nxd7 Qxd7 13. cxd5 cxd5 14. Qf4 $14 {1/2-1/2
Tunik,G-Driamin,D/St Petersburg 1999/CBM 74 (44)}) 7. O-O b6 8. d5 {That
typical method of seizing a space is very tempting,as black has spent a tempo
for unnecessary 6...a5.} ({Before white has tried:} 8. Ne5 Ra7 9. Nd3 Bb7 10.
Nf3 Be7 11. b3 Ne4 12. Bb2 Bf6 13. a3 c5 14. e3 Nc6 $11 {0-1 Botvinnik,
M-Larsen,B/Leiden 1970/MCL (52)}) (8. Nb1 Be7 9. Ne5 Ne4 (9... Ra7 10. Nc3 Bb7
11. d5 d6 12. Nf3 e5 13. Ng5 Bc8 14. e4 fxe4 15. Be3 $14 {1/2-1/2 Cramling,
P-Karlsson,L/Sweden 1993/EXT 97 (41)}) 10. Nc3 Nxc3 11. bxc3 Ra7 12. e4 Bb7 13.
Re1 Bf6 14. Ba3 $36 {1-0 Khenkin,I-Rotstein,A/Porto San Giorgio 1997/EXT 2000 
(33)}) (8. a3 Bxd2 9. Nxd2 Ra7 10. Nb1 Ba6 11. b3 a4 12. Nc3 axb3 13. Nb5 Bxb5
14. cxb5 d5 15. Qxb3 $14 {1-0 Eingorn,V-Kristiansen,J/Copenhagen 1988/CBM 10 
(83)}) 8... Bb7 $6 {That ''shy'' move leads to white's stable advantage.} ({
The only principal answer was:} 8... exd5 9. Nh4 c6 $1 (9... Bb7 10. Nxf5 Bxd2
(10... Ne4 11. Nxe4 dxe4 12. Ne3 $14 {[%csl Re4][%cal Ge3d5]}) 11. Qxd2 $1 Ne4
12. Qf4 $1 Kh8 13. Qg4 $36) 10. cxd5 ({nothing promises} 10. Nxf5 dxc4 11. Nxc4
d5) 10... Nxd5 11. Qb3 (11. Nxf5 Rxf5 12. e4 Ne3 $1 13. Qb3+ d5 14. Qxe3 Bc5
15. Qc3 (15. Qb3 a4) 15... Rf8 16. exd5 Ba6 $36) 11... Bb7 ({deserves
attention also:} 11... Kh8 $5 12. Bxd5 cxd5 13. Qxd5 Ra7 14. Nxf5 Bb7 15. Qe5
Qg5 16. e4 Nc6 $44) 12. Nxf5 Rxf5 13. e4 a4 14. Qd3 (14. Qd1 Nc3 $1 15. bxc3
Bxc3 16. Rb1 Rb5 17. Rxb5 cxb5 $132) 14... Nf4 $1 15. Qc4+ Rf7 16. gxf4 Qe7
$132 {[%cal Gb7a6]}) 9. Nd4 Bc5 $6 {A loss of time.Black should try to
simplify the position until white will complete his development.} ({That's why
i would prefer:} 9... exd5 10. Nxf5 Ne4 11. Nxe4 dxe4 12. Ne3 {although
white's chances are better due to weak pawn e4.}) 10. N2b3 a4 11. Nxc5 bxc5 12.
Nb5 {Now white's positional advantage is obvious,as black's minor pieces are
passive,while his pawn structure is also not so good.} exd5 (12... d6 13. dxe6
Bxg2 14. Kxg2 Qe7 15. Bg5 $16) 13. Bg5 {White completes development with a
tempo.} Qc8 {That looks ugly,but i can hardly recommend something better,as
white is already ahead in development.} (13... c6 14. Nd6 Qc7 15. Bf4 $1 Qb6 (
15... g5 16. Nxb7 gxf4 17. Nxc5 dxc4 18. Qd4 $16) 16. b3 Ne4 17. bxa4 $16) (
13... Bc6 14. Bxd5+ Kh8 15. Qc2 (15. Nc3 $5) 15... h6 16. Bxc6 Nxc6 (16... dxc6
17. Rad1 Qe7 18. Bxf6 Rxf6 19. Nc3 $16) 17. Be3 $16 {[%csl Rc5,Rf5]}) 14. cxd5
$16 {[%csl Rb7,Rb8]} ({Less convincing was} 14. Bxf6 Rxf6 15. Bxd5+ Kh8 16. Nc3
Bc6 $1 $14) 14... d6 {That weakens an important square e6,but there was no
other way to complete the development of qside pieces.} 15. Nc3 {Now black's
Pa4 is also vulnerable.} a3 ({After} 15... Qe8 16. Bxf6 Rxf6 17. Re1 {[%cal
Ge2e4] black has no counterplay against e2-e4.}) 16. Rb1 $1 {White's rook will
put an unpleasant pressure on Bb7.} ({Weaker was:} 16. b3 Nbd7 $14 {and black
has a defensible position.}) 16... Qe8 $2 {An additional mistake-black allows
white to play 17.b4,which will free an important spot d4 for his knight.} ({
It was necessary to prevent 17.b4:} 16... axb2 17. Rxb2 Ba6 18. Bh3 Ng4 $16 {
[%cal Gb8d7] and black is at least ready to develop his knight by 19...Nd7.})
17. b4 $1 {[%mdl 32] After that powerful move black is completely lost from
strategical point of view.} ({Worse was:} 17. bxa3 Ba6 18. Qc2 Qg6 $16) 17...
Na6 ({Hardly better was:} 17... cxb4 18. Rxb4 Ba6 19. Qc2 Qg6 20. Bc1 $1 {
[%csl Ra3,Rc7]}) 18. bxc5 Nxc5 19. Be3 $1 {That forces black to remove his Nf6
from the good position.} Nfd7 ({Hopeless was} 19... Ba6 20. Bxc5 dxc5 21. d6
Rd8 22. Qb3+ c4 23. Qxa3 Rxd6 24. Rfd1 $18) 20. Nb5 {The knight will be
transfered to e6 with a tempo!} Qc8 21. Qc2 Ra4 (21... Ba6 22. Nd4 Ne5 23. Bc1
$1 Qd7 24. Rd1) 22. Rfc1 Ba6 23. Nd4 Rc4 $2 {The rook on a4 was quite
vulnerable,but after the exchange of it,black couldn't avoid a loss of Pa4.} ({
More resistant was:} 23... Qe8 24. Qd1 Bc4 25. Rc2 {[%csl Ra3,Ra4,Rc4][%cal
Gd1c1] although white has a greatd advantage anyway.} (25. Ne6 $5 Bxa2 26. Rb7
$3 Rf6 27. Bxc5 Nxc5 28. Nxc5 dxc5 29. Rxc5)) 24. Qd2 Qe8 {Too late! An
attempt to activate the queen is not successful,but black hadn't any other
reasonable idea.} (24... Ne5 25. Rc3 Rxc3 26. Qxc3 Nc4 27. Bc1 Re8 28. Qc2 Ne4
29. g4 $18) (24... Nb6 25. Ne6 $1 Nxe6 26. dxe6 Rxc1+ (26... Re8 27. Re1 $1 Bb7
28. Bxb7 Qxb7 29. Bxb6 cxb6 30. Qxd6 $18) 27. Rxc1 Nc4 28. Qd4 Nxe3 29. Qxe3
Re8 30. Qxa3 Bxe2 31. Bc6 $18) 25. Rxc4 Bxc4 26. Qc2 $18 Ne5 (26... Ba6 27.
Nxf5 Qf7 28. Nd4 Nb6 (28... Nf6 29. Nc6 Ng4 30. Bxc5 dxc5 31. Bf3 $18) 29. Nb5
$1 Nxd5 30. Bxc5 Bxb5 31. Rxb5 dxc5 32. Qxc5 Nb6 33. Rb3 $18) 27. Rb4 Ng4 {
An agony! Black doesn't gets any compensation for a piece.} (27... Ng4 28. Rxc4
Nxe3 29. fxe3 Qxe3+ 30. Kh1 Rb8 31. Nxf5 $18) (27... Ba6 28. Nxf5 Ned3 29. Nh6+
gxh6 30. Rg4+ Kf7 31. exd3 $18) 1-0

[Event "Nordic zt"]
[Site "Ostersund"]
[Date "1992.??.??"]
[Round "2"]
[White "Hansen, Lars Bo"]
[Black "Karlsson, Lars"]
[Result "1/2-1/2"]
[WhiteElo "2530"]
[BlackElo "2480"]
[Annotator "Schussler,H"]
[PlyCount "48"]
[EventDate "1992.??.??"]
[EventType "swiss"]
[EventRounds "9"]
[EventCountry "NOR"]
[SourceTitle "CBM 031"]
[Source "ChessBase"]
[SourceDate "1992.12.01"]
[SourceVersion "1"]
[SourceVersionDate "1992.12.01"]
[SourceQuality "1"]

1. d4 e6 2. Nf3 f5 3. g3 (3. d5 exd5 {3. - Bd6!? (Karlsson,L), 3. - Nf6.} 4.
Qxd5 d6 5. Bg5 Nf6 6. Qd2 Be7 7. Nc3 c6 8. e3 d5 {Olafsson,H-Agdestein,S,
Nordic (zt) 1992. CBM 31 game 683. +/=/=}) 3... Nf6 4. Bg2 d5 5. O-O Bd6 6. c4
O-O 7. b3 a5 {This move, to gain space on the Q-side, is popular in many Dutch
variations. Compare: Horvath,Jo-Kaenel,H 31/837 without the black-squared
bishop: +/= and Beim,V-Kholmov,R 31/955 without connection with Q-side play: +/
=} 8. Nc3 c6 9. Bb2 Nbd7 10. e3 Ne4 11. Ne2 b6 12. Ne5 Bb7 13. Nf4 Qe7 14. f3
$6 {But Black is anyway only minimally worse. For another game that perfectly
illustrates Black`s strategy in this line, see Karpov,An-Karlsson,L, Haninge
1990.} Nef6 15. Rc1 Rac8 16. Re1 Rfd8 17. Qe2 c5 $10 18. Kh1 Bb8 19. Nxd7 Nxd7
20. dxc5 Nxc5 21. Ba3 dxc4 22. Qxc4 Bxf4 23. Qxf4 Rd2 24. e4 Qd7 1/2-1/2

[Event "Munich SKA"]
[Site "Munich"]
[Date "1991.05.14"]
[Round "9"]
[White "Lobron, Eric"]
[Black "Hort, Vlastimil"]
[Result "1-0"]
[WhiteElo "2545"]
[BlackElo "2540"]
[Annotator "Schussler,H"]
[PlyCount "121"]
[EventDate "1991.05.04"]
[EventType "tourn"]
[EventRounds "13"]
[EventCountry "GER"]
[EventCategory "14"]
[SourceTitle "CBM 023"]
[Source "ChessBase"]
[SourceDate "1991.08.01"]
[SourceVersion "1"]
[SourceVersionDate "1991.08.01"]
[SourceQuality "1"]

1. d4 f5 2. g3 Nf6 3. Bg2 e6 4. Nf3 d5 5. c4 c6 6. O-O Bd6 7. Bf4 Bxf4 8. gxf4
O-O 9. e3 $5 {9.Nc3, 9.Nbd2, 9.Ne5} Bd7 {Is it really worth three moves to get
the bishop to the not so fantastic square h5? Other possibilities are 9. - Ne4,
9. - Nbd7 and Lars Karlsson`s 9. - Kh8!?.} 10. Qb3 Qb6 11. Nc3 Be8 12. Qc2 Na6
$6 {What`s the N doing here? More logical is 12. - Nbd7 controlling e5.} 13. a3
Qd8 14. Kh1 Bh5 15. Ng5 Qe7 16. Rg1 $14 h6 17. Nf3 Nb8 18. cxd5 cxd5 19. Ne5
Nbd7 20. f3 Ne8 21. Qf2 Rc8 22. Rac1 Nd6 23. Bf1 a6 24. Bd3 Nf7 25. Rg3 Ndxe5
26. dxe5 Rc7 27. Rcg1 Nd8 28. Rh3 Qe8 29. Qh4 $16 Bg6 30. Rhg3 Bh5 31. e4 dxe4
32. fxe4 Kh8 33. h3 Rd7 34. exf5 exf5 35. Bc4 Rc7 36. Bd5 Rd7 37. Kh2 g6 38.
Bb3 Ne6 39. Bxe6 Qxe6 40. Rxg6 Rd2+ 41. R6g2 Rxg2+ 42. Rxg2 Bf3 43. Rg3 Bc6 44.
Ne2 Kh7 45. Nd4 Qd7 46. Qh5 Qf7 47. Qxf7+ Rxf7 48. Nxc6 bxc6 49. Rc3 Rc7 50. b4
Kg6 51. Kg3 Kh5 52. Kf3 Kh4 53. Rc1 Rd7 54. Rxc6 Rd3+ 55. Ke2 Rd4 56. Ke3 Re4+
57. Kf3 h5 58. Rf6 Rc4 59. Rxf5 Rc3+ 60. Ke4 Rxa3 61. e6 1-0